000 00626cam a2200217 4500500
005 20260405001501.0
041 _afre
042 _adc
100 1 0 _aUngerer, Tomi
_eauthor
245 0 0 _aBush et l’Afghanistan en 1851
260 _c2013.
500 _a20
690 _aAfghanistan
690 _aÉtats-Unis
690 _aGeorge W. Bush
690 _aMoby Dick
690 _aPrédiction
690 _aProphétie
786 0 _nPhilosophie magazine | 69 | 5 | 2013-05-01 | p. 12-12 | 1951-1787
856 4 1 _uhttps://shs.cairn.info/magazine-philosophie-magazine-2013-5-page-12?lang=fr&redirect-ssocas=7080
999 _c2048161
_d2048161